|
|
|
|
| LEADER |
04098cam a2200601Ma 4500 |
| 001 |
ocm45730658 |
| 003 |
OCoLC |
| 005 |
20190114101400.0 |
| 006 |
m o d |
| 007 |
cr cn||||||||| |
| 008 |
001009s1997 maua ob 001 0 eng d |
| 010 |
|
|
|z 96036637
|
| 040 |
|
|
|a N$T
|b eng
|e pn
|c N$T
|d OCL
|d OCLCQ
|d YDXCP
|d OCLCG
|d OCLCQ
|d EXW
|d OCLCQ
|d TUU
|d OCLCQ
|d TNF
|d OCLCQ
|d ZCU
|d OCLCO
|d OCLCF
|d OCLCQ
|d SLY
|d OCLCQ
|d SUR
|d OCLCQ
|d SAV
|d QT7
|d LUE
|
| 019 |
|
|
|a 532753588
|a 880324750
|a 961572764
|a 962642909
|a 984870351
|a 1007375846
|
| 020 |
|
|
|a 0585252068
|q (electronic bk.)
|
| 020 |
|
|
|a 9780585252063
|q (electronic bk.)
|
| 020 |
|
|
|z 0763704679
|q (Casebound)
|
| 020 |
|
|
|z 0763702161
|q (pbk.)
|
| 035 |
|
|
|a (OCoLC)45730658
|z (OCoLC)532753588
|z (OCoLC)880324750
|z (OCoLC)961572764
|z (OCoLC)962642909
|z (OCoLC)984870351
|z (OCoLC)1007375846
|
| 050 |
|
4 |
|a QC174.12
|b .G73 1997eb
|
| 072 |
|
7 |
|a SCI
|x 057000
|2 bisacsh
|
| 082 |
0 |
4 |
|a 530.1/2
|2 21
|
| 084 |
|
|
|a O413. 1-3
|2 clc
|
| 084 |
|
|
|a O413-3
|2 clc
|
| 049 |
|
|
|a MAIN
|
| 100 |
1 |
|
|a Greenstein, George,
|d 1940-
|
| 245 |
1 |
4 |
|a The quantum challenge :
|b modern research on the foundations of quantum mechanics /
|c George Greenstein, Arthur G. Zajonc.
|
| 260 |
|
|
|a Sudbury, Mass. :
|b Jones and Bartlett,
|c �1997.
|
| 300 |
|
|
|a 1 online resource (xvi, 224 pages) :
|b illustrations.
|
| 336 |
|
|
|a text
|b txt
|2 rdacontent
|
| 337 |
|
|
|a computer
|b c
|2 rdamedia
|
| 338 |
|
|
|a online resource
|b cr
|2 rdacarrier
|
| 490 |
1 |
|
|a The Jones and Bartlett series in physics and astronomy
|
| 490 |
1 |
|
|a The challenge series
|
| 504 |
|
|
|a Includes bibliographical references (pages 213-218) and index.
|
| 505 |
0 |
0 |
|t Matter Waves --
|t An Experiment --
|t A Second Experiment --
|t Locality --
|t Beyond the Electron --
|t Neutrons --
|t Atoms --
|t Bose-Einstein Condensates --
|t The Experiment --
|t Quantum Theory of Two-Slit Interference --
|t Critique of the Quantum-Mechanical Account --
|t Photons --
|t Do Photons Exist? --
|t Detection and the Quantum of Light --
|t Photoelectric Effect --
|t Anticoincidences --
|t The Hanbury-Brown and Twiss Experiment --
|t Photons at Last --
|t Remarks --
|t Wave-Particle Duality for Single Photons --
|t The Mystery of Wave-Particle Duality --
|t Delayed Choice --
|t The Uncertainty Principle --
|t The Pfleegor-Mandel Experiment --
|t Two Lasers, One Photon --
|t The Heisenberg Uncertainty Principle --
|t Uncertainty in the Pfleegor-Mandel Experiment --
|t Reflections on the Uncertainty Principle --
|t Quantum Uncertainty versus Classical Ignorance --
|t Interpretation of the Uncertainty Principle --
|t The Uncertainty Principle and Causality --
|t The Uncertainty Principle and Descriptions of Natural Phenomena --
|t Some Consequences of the Uncertainty Principle --
|t Atoms --
|t Nuclei --
|t Trajectories --
|t The Energy-Time Uncertainty Relation --
|t Average Properties of Systems --
|t Lifetimes and Line Widths --
|t Time and Frequency Standards --
|t More on Causality: The Uncertainty Principle and an Ambiguity in Time --
|t Origin of the Energy-Time Uncertainty Relation --
|t Squeezed Light and the Detection of Gravitational Radiation --
|t Gravitational Radiation --
|t Squeezed States of the Simple Harmonic Oscillator --
|t Squeezed States of Light --
|t Quantum Non-Demolition Measurements.
|
| 588 |
0 |
|
|a Print version record.
|
| 590 |
|
|
|a OCLC
|b WorldCat Holdings
|
| 590 |
|
|
|a eBooks on EBSCOhost
|b All EBSCO eBooks
|
| 650 |
|
0 |
|a Quantum theory.
|
| 650 |
|
7 |
|a SCIENCE
|x Physics
|x Quantum Theory.
|2 bisacsh
|
| 650 |
0 |
7 |
|a Quantum theory.
|2 cct
|
| 650 |
|
7 |
|a Quantum theory.
|2 fast
|0 (OCoLC)fst01085128
|
| 655 |
|
4 |
|a Electronic books.
|
| 700 |
1 |
|
|a Zajonc, Arthur.
|
| 776 |
0 |
8 |
|i Print version:
|a Greenstein, George, 1940-
|t Quantum challenge.
|d Sudbury, Mass. : Jones and Bartlett, �1997
|z 0763704679
|w (DLC) 96036637
|w (OCoLC)35673429
|
| 830 |
|
0 |
|a Jones and Bartlett series in physics and astronomy.
|
| 830 |
|
0 |
|a Challenge series (Sudbury, Mass.)
|
| 856 |
4 |
0 |
|u http://search.ebscohost.com/login.aspx?direct=true&scope=site&db=nlebk&AN=25643
|
| 938 |
|
|
|a EBSCOhost
|b EBSC
|n 25643
|
| 938 |
|
|
|a YBP Library Services
|b YANK
|n 2316461
|
| 994 |
|
|
|a 92
|b GRPAT
|
| 999 |
|
|
|c 138958
|d 138958
|